[Event "Ontario op"]
[Site "Brantford CAN"]
[Date "2025.05.17"]
[Round "2"]
[White "Moses, Neil"]
[Black "Huang, Eric"]
[Result "1-0"]
[WhiteElo "2321"]
[BlackElo "1905"]
[WhiteFideId "-1"]
[WhiteFideId "-1"]
[PlyCount "61"]
[GameId "2182376277688717"]
[EventDate "2025.05.17"]
[EventType "swiss"]
[EventRounds "6"]
[EventCountry "CAN"]

{[%evp 0,61,21,29,19,34,33,24,30,24,7,35,41,33,36,37,59,38,-28,32,-22,3,-20,-1,22,31,29,0,47,52,44,33,11,-1,76,154,111,119,127,146,-56,105,261,356,248,231,225,213,196,229,261,265,277,281,200,275,319,296,330,376,483,673,970,1043]} 1. e4 e6 2. d4 d5 3. Nc3 Bb4 4. e5 c5 5. a3 Bxc3+ 6. bxc3 Ne7 7. Qg4 Qc7 8. Bd3 cxd4 9. Ne2 dxc3 10. Qxg7 Rg8 11. Qxh7 Nbc6 12. Bf4 Bd7 13. O-O d4 14. Be4 O-O-O 15. Qxf7 Rdf8 16. Qh5 Rh8 17. Qf3 Be8 18. Qd3 Nf5 19. Bxf5 Rxf5 20. Bg3 Qg7 21. Nxd4 Nxd4 22. Qxd4 Bc6 23. Qxc3 Rfh5 24. f3 Rg8 25. Qd2 Bd5 26. c4 Bc6 27. Qf2 Kc7 28. Rab1 Qg5 29. Rfd1 Rd8 30. Qxa7 Rdh8 31. Bf2 1-0

[Event "Ontario op"]
[Site "Brantford CAN"]
[Date "2025.05.17"]
[Round "2"]
[White "Murali, Dhruv"]
[Black "Singh Dhaliwal, Jaipreet"]
[Result "0-1"]
[WhiteElo "2063"]
[BlackElo "225"]
[WhiteFideId "-1"]
[WhiteFideId "-1"]
[PlyCount "56"]
[GameId "2181504464670758"]
[EventDate "2025.05.17"]
[EventType "swiss"]
[EventRounds "6"]
[EventCountry "CAN"]

{[%evp 0,56,11,-14,58,0,-2,-2,-3,5,-2,0,7,3,16,20,22,24,-19,0,-10,0,16,-11,-6,-19,-158,-15,6,-10,-52,-81,-80,-100,-152,-173,-173,-375,-267,-388,-349,-405,-377,-405,-280,-416,-433,-685,-657,-676,-860,-860,-1037,-1472,-687,-557,-573,-448,-642]} 1. b3 Nf6 2. Bb2 g6 3. e3 Bg7 4. Nf3 O-O 5. Be2 d6 6. d4 Nbd7 7. O-O Re8 8. c4 c6 9. Nc3 e5 10. dxe5 dxe5 11. Qd2 Qe7 12. Rfd1 e4 13. Nd4 a6 14. Rac1 Ne5 15. Qe1 Bg4 16. Rb1 Nd3 17. Qd2 c5 18. Nxe4 Nxb2 19. Qxb2 Qxe4 20. Nf3 Rad8 21. Qa3 Qc2 22. Re1 Ne4 23. h3 Bxf3 24. gxf3 Nc3 25. Rb2 Nxe2+ 26. Rxe2 Bxb2 27. Qxb2 Qxb2 28. Rxb2 Rd1+ 0-1

[Event "Ontario op"]
[Site "Brantford CAN"]
[Date "2025.05.17"]
[Round "2"]
[White "Pitre, Lucas"]
[Black "Filipovich, David"]
[Result "0-1"]
[WhiteElo "2076"]
[BlackElo "1997"]
[WhiteFideId "-1"]
[WhiteFideId "-1"]
[PlyCount "84"]
[GameId "2182716584095791"]
[EventDate "2025.05.17"]
[EventType "swiss"]
[EventRounds "6"]
[EventCountry "CAN"]

1. Nf3 g6 2. g3 Bg7 3. Bg2 c5 4. O-O Nc6 5. c4 e5 6. Nc3 Nge7 7. d3 O-O 8. Nd2 d6 9. e3 Be6 10. Nd5 Rb8 11. Qa4 a6 12. a3 Bd7 13. Qc2 b5 14. cxb5 axb5 15. Nxe7+ Nxe7 16. Ne4 Qb6 17. b4 Rfc8 18. bxc5 dxc5 19. Bb2 c4 20. Rfc1 Be6 21. Rab1 cxd3 22. Qxd3 Rd8 23. Qc3 Rbc8 24. Qb4 Nd5 25. Qe1 h6 26. Nc3 Ne7 27. Ba1 Bc4 28. Bf1 Qa6 29. Bxc4 bxc4 30. a4 Nd5 31. Nxd5 Rxd5 32. Rb4 Bf8 33. Rb5 Rxb5 34. axb5 Qxb5 35. Rb1 Qc6 36. Bxe5 c3 37. Ra1 c2 38. Bb2 Rb8 39. Bd4 Qb5 40. Rc1 Qb1 41. Qd2 Ba3 42. Qxc2 Qxc1+ 0-1

[Event "Ontario op"]
[Site "Brantford CAN"]
[Date "2025.05.17"]
[Round "2"]
[White "Russell, Wesley"]
[Black "Ivanchuk, serghii"]
[Result "1/2-1/2"]
[WhiteElo "1969"]
[BlackElo "2119"]
[WhiteFideId "-1"]
[WhiteFideId "-1"]
[PlyCount "95"]
[GameId "2182345813282915"]
[EventDate "2025.05.17"]
[EventType "swiss"]
[EventRounds "6"]
[EventCountry "CAN"]

1. e4 d5 2. exd5 Qxd5 3. Nc3 Qd8 4. d4 Nf6 5. Bc4 e6 6. Nf3 Be7 7. O-O O-O 8. Bf4 c6 9. Bd3 Nbd7 10. Ne4 Nxe4 11. Bxe4 Nf6 12. Bd3 c5 13. c3 cxd4 14. Nxd4 Nd5 15. Bg3 Bd7 16. Bc2 Bf6 17. Qd3 g6 18. Rad1 Bg7 19. Rfe1 Re8 20. Bb3 Bc6 21. Nxc6 bxc6 22. Ba4 Qb6 23. Qc2 Rac8 24. Be5 Bxe5 25. Rxe5 Red8 26. Bb3 Nf6 27. Ree1 c5 28. c4 Qc7 29. h3 Rd4 30. Rd3 Rcd8 31. Red1 e5 32. f3 Qd6 33. Rxd4 exd4 34. Qd2 Re8 35. Bc2 Qg3 36. Qf2 Qxf2+ 37. Kxf2 a5 38. b3 Re3 39. Rd3 Rxd3 40. Bxd3 Nh5 41. g3 g5 42. Be2 Ng7 43. f4 gxf4 44. gxf4 f5 45. Kf3 Kf7 46. Bd3 Kf6 47. Kg3 Ne6 48. Kf3 1/2-1/2

[Event "Ontario op"]
[Site "Brantford CAN"]
[Date "2025.05.17"]
[Round "2"]
[White "Trofimov-Malyshkin, Valentyn"]
[Black "Achyuth, Akshaj"]
[Result "1-0"]
[WhiteElo "2184"]
[BlackElo "2024"]
[WhiteFideId "-1"]
[WhiteFideId "-1"]
[PlyCount "45"]
[GameId "2181512253296695"]
[EventDate "2025.05.17"]
[EventType "swiss"]
[EventRounds "6"]
[EventCountry "CAN"]

1. d4 Nf6 2. c4 e6 3. a3 b6 4. Nc3 Bb7 5. d5 Be7 6. e4 d6 7. Be3 a5 8. Nf3 h6 9. Nd4 exd5 10. cxd5 Nfd7 11. Nf5 Bf6 12. Rc1 Ba6 13. Bxa6 Nxa6 14. O-O Ndc5 15. Nd4 Qd7 16. f3 O-O 17. Rc2 Kh7 18. g4 g6 19. Rg2 Bg7 20. Qe1 Nd3 21. Qh4 Qd8 22. Qh3 Bxd4 23. Qxh6+ 1-0

[Event "Ontario op"]
[Site "Brantford CAN"]
[Date "2025.05.17"]
[Round "2"]
[White "Tseng, Bradley"]
[Black "Dukic, Zachary"]
[Result "0-1"]
[WhiteElo "1939"]
[BlackElo "2360"]
[WhiteFideId "-1"]
[WhiteFideId "-1"]
[PlyCount "66"]
[GameId "2182352523505776"]
[EventDate "2025.05.17"]
[EventType "swiss"]
[EventRounds "6"]
[EventCountry "CAN"]

1. e4 d6 2. d4 Nf6 3. Nc3 e5 4. Nf3 Nbd7 5. Bc4 Be7 6. O-O O-O 7. a4 c6 8. h3 h6 9. Re1 Re8 10. a5 Bf8 11. Be3 exd4 12. Bxd4 b5 13. axb6 Nxb6 14. Ba2 Be6 15. Qe2 c5 16. Be3 Bxa2 17. Rxa2 Nxe4 18. Nxe4 Rxe4 19. Rea1 d5 20. Nd2 Re6 21. Qf3 Bd6 22. Nb3 d4 23. Bd2 Qe7 24. Ra6 Re8 25. g3 Bb8 26. Na5 Rf6 27. Qg2 Qd7 28. Re1 Rxe1+ 29. Bxe1 Qb5 30. Qb7 Bxg3 31. Rxa7 Qe2 32. Qe7 Bxf2+ 33. Kh2 Bg1+ 0-1

[Event "Ontario op"]
[Site "Brantford CAN"]
[Date "2025.05.17"]
[Round "2"]
[White "Xu, Leon"]
[Black "Joshua Lee, Daniel"]
[Result "1-0"]
[WhiteElo "2210"]
[BlackElo "1989"]
[WhiteFideId "-1"]
[WhiteFideId "-1"]
[PlyCount "77"]
[GameId "2181506377310253"]
[EventDate "2025.05.17"]
[EventType "swiss"]
[EventRounds "6"]
[EventCountry "CAN"]

1. e4 e5 2. Nf3 Nc6 3. Bc4 Bc5 4. c3 Nf6 5. d4 exd4 6. e5 d5 7. Be2 Ne4 8. cxd4 Bb6 9. Nc3 O-O 10. O-O Bg4 11. Be3 f6 12. exf6 Nxc3 13. bxc3 Qxf6 14. h3 Be6 15. Re1 Rae8 16. a4 h6 17. Bb5 a6 18. Bxc6 bxc6 19. a5 Ba7 20. Ne5 Bf5 21. f4 Qd6 22. Qa4 c5 23. Qc6 c4 24. Qxd6 cxd6 25. Nc6 Bb8 26. Nb4 Be4 27. Nxa6 Rf7 28. Nb4 Ba7 29. a6 Rb8 30. Ra5 Kh7 31. Re2 Rb6 32. Rea2 Rxb4 33. cxb4 c3 34. Rb5 c2 35. Ra1 Rc7 36. Rb7 Rc3 37. Rxa7 Rxe3 38. Rc7 Rb3 39. Rxc2 1-0

[Event "Ontario op"]
[Site "Brantford CAN"]
[Date "2025.05.17"]
[Round "2"]
[White "Yin, Zeming"]
[Black "Zhang, Daniel"]
[Result "1/2-1/2"]
[Annotator "GMPat"]
[WhiteElo "2135"]
[BlackElo "2035"]
[WhiteFideId "-1"]
[WhiteFideId "-1"]
[PlyCount "106"]
[GameId "2182233153036366"]
[EventDate "2025.05.17"]
[EventType "swiss"]
[EventRounds "6"]
[EventCountry "CAN"]

{[%evp 0,53,17,22,14,31,18,15,15,12,29,17,22,14,6,3,10,10,13,18,20,9,10,13,14,32,37,5,-40,-10,11,44,69,61,57,53,114,101,97,-18,129,96,20,79,168,59,259,89,192,184,181,183,153,27,808,-240]} 1. e4 c5 2. Nf3 d6 3. d4 cxd4 4. Nxd4 Nf6 5. Nc3 a6 6. Bg5 e6 7. f4 Be7 8. Qf3 Qc7 9. O-O-O Nbd7 10. g4 b5 11. Bxf6 Nxf6 12. g5 Nd7 13. f5 Bxg5+ 14. Kb1 Ne5 15. Qh5 Bf6 16. Nxe6 Bxe6 17. fxe6 g6 18. Nd5 Qd8 19. exf7+ Kxf7 20. Qh3 Kg7 21. Be2 Qd7 22. Qg3 Bd8 23. Ne3 Re8 24. Nf5+ Kh8 25. Nxd6 Re6 26. Rhf1 Qe7 27. Rd5 Bc7 28. Rxe5 Rxe5 29. Qxe5+ Qxe5 30. Nf7+ Kg7 31. Nxe5 Bxe5 32. h3 Rd8 33. Bd3 Rd6 34. Rf3 a5 35. c3 b4 36. cxb4 axb4 37. Kc2 Rf6 38. Rxf6 Kxf6 39. a4 bxa3 40. bxa3 Ke6 41. Kb3 Kd6 42. Kb4 Kc6 43. a4 Bd6+ 44. Kc4 Bc7 45. Kd4 Kd6 46. e5+ Ke6 47. Bc4+ Ke7 48. Kd5 h5 49. e6 g5 50. Be2 h4 51. Kc6 Ba5 52. Kd5 Bc7 53. a5 Bxa5 1/2-1/2

[Event "Ontario op"]
[Site "Brantford CAN"]
[Date "2025.05.17"]
[Round "2"]
[White "Zhao, Jifan"]
[Black "Thong Nguyen, Minh"]
[Result "1-0"]
[Annotator "GMPat"]
[WhiteElo "2074"]
[BlackElo "1497"]
[WhiteFideId "-1"]
[WhiteFideId "-1"]
[PlyCount "135"]
[GameId "2182729934942501"]
[EventDate "2025.05.17"]
[EventType "swiss"]
[EventRounds "6"]
[EventCountry "CAN"]

{[%evp 0,102,19,20,-1,16,19,34,22,20,10,25,0,15,15,7,-2,20,8,12,14,-7,-7,-32,-7,-7,-23,8,22,5,50,14,16,54,7,-33,-50,-46,-120,-159,-120,-102,-26,12,121,61,160,74,50,64,25,94,51,39,155,127,157,112,103,133,162,138,154,121,128,173,160,146,155,190,183,169,206,243,187,201,198,258,300,325,486,497,536,581,594,333,348,369,394,-1,526,-29991,642,284,923,884,1770,851,1447,632,783,731,731,537,1324]} 1. e4 c5 2. Nf3 d6 3. Bb5+ Bd7 4. Bxd7+ Qxd7 5. O-O Nf6 6. Qe2 Nc6 7. Rd1 e5 8. c3 Rc8 9. Na3 Be7 10. Nc2 O-O 11. d4 cxd4 12. cxd4 Qg4 13. Re1 h6 14. h3 Qh5 15. b3 Bd8 16. d5 Ne7 17. Ba3 Bc7 18. Rac1 Ng6 19. Qf1 Nf4 20. Nd2 Kh7 21. Ne3 Qg6 22. g3 N4h5 23. Ng2 Bb6 24. Kh2 Rxc1 25. Bxc1 Nd7 26. Nc4 Nc5 27. Qe2 Bd8 28. g4 Nf6 29. f3 Be7 30. Be3 Nfd7 31. Bf2 Bg5 32. h4 Bf4+ 33. Nxf4 exf4 34. Bd4 b5 35. Na5 Ne5 36. Bxe5 dxe5 37. Qxb5 Qd6 38. Rc1 Qe7 39. Kh3 Rc8 40. Nc6 Rxc6 41. dxc6 Ne6 42. Qd3 Qa3 43. Rc2 Qa5 44. Qd2 Qb6 45. Qf2 Qd8 46. Kg2 h5 47. g5 Qa5 48. b4 Qd8 49. Qxa7 Qd1 50. Qf2 Nd4 51. Rb2 Nxc6 52. Qe2 Qa1 53. b5 Nd4 54. Qf2 Nxf3 55. Kxf3 Qd1+ 56. Kg2 Qg4+ 57. Kh1 f3 58. Rb3 Qh3+ 59. Kg1 Qg4+ 60. Kf1 Qh3+ 61. Ke1 Qh1+ 62. Kd2 Qa1 63. Rxf3 Qxa2+ 64. Kc3 Qa5+ 65. Kb2 Qxb5+ 66. Rb3 Qc4 67. Rb7 Qxe4 68. Qc2 1-0

[Event "Ontario op"]
[Site "Brantford CAN"]
[Date "2025.05.17"]
[Round "2"]
[White "Zhuoyuan Xu, Ryan"]
[Black "Deepak, Laksshana"]
[Result "0-1"]
[WhiteElo "2042"]
[BlackElo "2089"]
[WhiteFideId "-1"]
[WhiteFideId "-1"]
[PlyCount "110"]
[GameId "2182492341817783"]
[EventDate "2025.05.17"]
[EventType "swiss"]
[EventRounds "6"]
[EventCountry "CAN"]

1. d4 Nf6 2. Nf3 d5 3. Bf4 c5 4. e3 cxd4 5. exd4 Nc6 6. c3 g6 7. Nbd2 Bg7 8. Bd3 O-O 9. O-O Bf5 10. Qc2 Bxd3 11. Qxd3 Rc8 12. b4 Nh5 13. Be3 e5 14. dxe5 Nxe5 15. Nxe5 Bxe5 16. Rac1 Nf4 17. Bxf4 Bxf4 18. g3 Bh6 19. Rfd1 Qb6 20. Rc2 Rfd8 21. Nb3 Bg7 22. a4 Qc7 23. Rdc1 Qc4 24. Qxc4 dxc4 25. Nc5 Rc7 26. a5 b6 27. axb6 axb6 28. Ne4 Rcd7 29. f4 Rd1+ 30. Rxd1 Rxd1+ 31. Kf2 Rd3 32. Ke2 b5 33. Rd2 Bxc3 34. Nxc3 Rxc3 35. Rd5 Rc2+ 36. Ke3 Rxh2 37. Rxb5 Rg2 38. Kf3 Rb2 39. Rb8+ Kg7 40. b5 Rb3+ 41. Kg4 c3 42. Rc8 Rxb5 43. Rxc3 f5+ 44. Kf3 Kh6 45. g4 fxg4+ 46. Kxg4 Rb7 47. Rh3+ Kg7 48. Rc3 h5+ 49. Kg3 Rb6 50. Rc5 Kf6 51. Kh4 Rb3 52. Rc8 Rf3 53. Rf8+ Kg7 54. Rc8 Rxf4+ 55. Kg5 Rg4# 0-1

[Event "Ontario op"]
[Site "Brantford CAN"]
[Date "2025.05.17"]
[Round "2"]
[White "Zian Wang, Nathan"]
[Black "Khaledi, Omid"]
[Result "0-1"]
[WhiteElo "2099"]
[BlackElo "2295"]
[WhiteFideId "-1"]
[WhiteFideId "-1"]
[PlyCount "77"]
[GameId "2181159232884817"]
[EventDate "2025.05.17"]
[EventType "swiss"]
[EventRounds "6"]
[EventCountry "CAN"]

1. e4 c5 2. Nf3 d6 3. Bb5+ Bd7 4. Bxd7+ Qxd7 5. O-O Nc6 6. Re1 g6 7. c3 d5 8. e5 d4 9. d3 Bg7 10. c4 Nh6 11. Bf4 Qf5 12. Bg3 O-O 13. Qe2 Nb4 14. Rd1 f6 15. a3 Nc6 16. Nbd2 fxe5 17. Ne4 b6 18. Rdb1 a5 19. b3 Nf7 20. Qb2 Bf6 21. h4 Qg4 22. Qe2 Qf5 23. Ra2 Kg7 24. Ne1 Nd6 25. Rd2 h6 26. Qf3 Qxf3 27. Nxf3 Nxe4 28. dxe4 Kf7 29. a4 Ke6 30. Ne1 g5 31. hxg5 hxg5 32. Nf3 g4 33. Ne1 Rh8 34. Nd3 Rh7 35. Rdd1 Nd8 36. Kf1 Nf7 37. Ke2 Ng5 38. f3 Rg8 39. Rg1 0-1

[Event "Ontario op"]
[Site "Brantford CAN"]
[Date "2025.05.17"]
[Round "2.2"]
[White "England, Max"]
[Black "Liang, Jason"]
[Result "1/2-1/2"]
[WhiteElo "2156"]
[BlackElo "2378"]
[WhiteFideId "-1"]
[WhiteFideId "-1"]
[PlyCount "68"]
[GameId "2178575637725184"]
[EventDate "2025.05.17"]
[EventType "swiss"]
[EventRounds "6"]
[EventCountry "CAN"]

1. Nf3 d6 2. c4 e5 3. Nc3 f5 4. g3 Nf6 5. Bg2 Be7 6. O-O O-O 7. d3 a5 8. a3 c6 9. c5 Nbd7 10. cxd6 Bxd6 11. Nh4 Nc5 12. d4 exd4 13. Qxd4 Qe7 14. Bf4 Bxf4 15. Qxf4 g6 16. Nf3 Be6 17. b4 Nce4 18. Nxe4 fxe4 19. Nd4 Bd5 20. Qd2 e3 21. Qxe3 Qxe3 22. fxe3 Bxg2 23. Kxg2 Nd5 24. Rxf8+ Kxf8 25. b5 cxb5 26. Nxb5 Nxe3+ 27. Kf3 Nc4 28. Rd1 Ke7 29. Rd4 Rc8 30. Re4+ Kf6 31. Rf4+ Ke6 32. Re4+ Kf6 33. Rf4+ Ke6 34. Re4+ Kf6 1/2-1/2

[Event "Ontario op"]
[Site "Brantford CAN"]
[Date "2025.05.17"]
[Round "2.3"]
[White "Atanasov, Anthony"]
[Black "Joseph Benher, Savio"]
[Result "1/2-1/2"]
[WhiteElo "2402"]
[BlackElo "2115"]
[WhiteFideId "-1"]
[WhiteFideId "-1"]
[PlyCount "66"]
[GameId "2178575637733376"]
[EventDate "2025.05.17"]
[EventType "swiss"]
[EventRounds "6"]
[EventCountry "CAN"]

1. d4 Nf6 2. Nf3 b6 3. Bf4 Bb7 4. h3 e6 5. e3 c5 6. c3 cxd4 7. exd4 Be7 8. Bd3 O-O 9. O-O d6 10. a4 a6 11. Qe2 Nbd7 12. Nbd2 Qc7 13. Rfc1 Nd5 14. Bh2 N7f6 15. Ne1 Rfe8 16. Nc2 g5 17. c4 Nf4 18. Bxf4 gxf4 19. Ne4 e5 20. Nb4 exd4 21. Nxf6+ Bxf6 22. Qg4+ Bg7 23. Nd5 Qd8 24. Qxf4 b5 25. Qf5 bxc4 26. Qxh7+ Kf8 27. Bxc4 Re5 28. Ra3 Bxd5 29. Rg3 Qf6 30. f4 Rf5 31. Bxd5 Rxd5 32. Rxg7 Qxg7 33. Qe4 Qg3 1/2-1/2

[Event "Ontario op"]
[Site "Brantford CAN"]
[Date "2025.05.17"]
[Round "2.4"]
[White "Windram, James"]
[Black "Vettese, Nicholas"]
[Result "0-1"]
[WhiteElo "1972"]
[BlackElo "2369"]
[WhiteFideId "-1"]
[WhiteFideId "-1"]
[PlyCount "120"]
[GameId "2178575637733376"]
[EventDate "2025.05.17"]
[EventType "swiss"]
[EventRounds "6"]
[EventCountry "CAN"]

1. Nf3 c5 2. c4 Nc6 3. b3 e5 4. Bb2 e4 5. Ng1 Nf6 6. Nc3 Bd6 7. Qb1 O-O 8. e3 Re8 9. Nge2 h5 10. Ng3 Be5 11. Nd5 h4 12. Nxf6+ Bxf6 13. Nh5 Be5 14. Bxe5 Rxe5 15. Nf4 Ne7 16. d4 cxd4 17. exd4 Rf5 18. Qxe4 d5 19. Qe3 Qa5+ 20. Kd1 Qc7 21. Nxd5 Rxd5 22. cxd5 Bg4+ 23. f3 Nxd5 24. Qc1 Qa5 25. fxg4 Re8 26. Qd2 Ne3+ 27. Kc1 Rc8+ 28. Bc4 Qa3+ 29. Qb2 Qd6 30. Qc3 Nd5 31. Qa5 b5 32. Qxb5 Qa3+ 33. Kc2 Rxc4+ 34. Qxc4 Ne3+ 35. Kd3 Nxc4 36. Kxc4 Qa6+ 37. Kc3 Qc6+ 38. Kb4 Qxg2 39. Rad1 Qxg4 40. Kc3 Qf3+ 41. Kb4 Qd5 42. Kc3 f5 43. Rhe1 f4 44. Re5 Qf3+ 45. Rd3 Qh1 46. Rc5 f3 47. Rf5 Qc1+ 48. Kb4 Qe1+ 49. Ka4 a5 50. Kb5 Qe8+ 51. Kxa5 Qa8+ 52. Kb4 Qb7+ 53. Kc3 Qc8+ 54. Rc5 Qf8 55. Rxf3 Qxf3+ 56. Kb4 Qf4 57. Kc4 h3 58. a4 Qxh2 59. a5 Qe2+ 60. Kd5 h2 0-1

[Event "Ontario op"]
[Site "Brantford CAN"]
[Date "2025.05.17"]
[Round "2.5"]
[White "Plotkin, Mark"]
[Black "Huang, Patrick"]
[Result "1-0"]
[WhiteElo "2350"]
[BlackElo "2019"]
[WhiteFideId "-1"]
[WhiteFideId "-1"]
[PlyCount "95"]
[GameId "2178575637733376"]
[EventDate "2025.05.17"]
[EventType "swiss"]
[EventRounds "6"]
[EventCountry "CAN"]

1. Nf3 Nf6 2. g3 b6 3. Bg2 Bb7 4. O-O e6 5. d3 d5 6. Nbd2 Be7 7. e4 c5 8. Re1 O-O 9. e5 Nfd7 10. Nf1 Nc6 11. h4 b5 12. N1h2 b4 13. Bf4 a5 14. c3 a4 15. a3 Na5 16. Ng5 Nb3 17. Rb1 bxa3 18. bxa3 Qa5 19. c4 Nb6 20. Qh5 Bxg5 21. hxg5 Qc3 22. Re3 d4 23. Bxb7 dxe3 24. Be4 exf2+ 25. Kg2 g6 26. Qe2 Rad8 27. Ng4 Kg7 28. Be3 Nd7 29. Qxf2 Nd4 30. Nf6 Nf5 31. Bd2 Qxe5 32. g4 Nxf6 33. gxf6+ Qxf6 34. Rh1 Rg8 35. Rh3 Kh8 36. gxf5 gxf5+ 37. Kh2 Qg7 38. Bh6 Qg6 39. Bg2 e5 40. Bd2 f6 41. Bd5 Rg7 42. Bh6 Rc7 43. Qh4 Rb8 44. Rg3 Rb2+ 45. Kh3 f4 46. Rxg6 hxg6 47. Bg5+ Rh7 48. Bxf6# 1-0

[Event "Ontario op"]
[Site "Brantford CAN"]
[Date "2025.05.18"]
[Round "3"]
[White "Achyuth, Akshaj"]
[Black "Malakar, Saarthak"]
[Result "0-1"]
[WhiteElo "2024"]
[BlackElo "2081"]
[WhiteFideId "-1"]
[WhiteFideId "-1"]
[PlyCount "98"]
[GameId "2184844168349154"]
[EventDate "2025.05.17"]
[EventType "swiss"]
[EventRounds "6"]
[EventCountry "CAN"]

{[%evp 0,98,12,17,28,18,27,24,12,20,9,17,33,36,29,37,30,27,45,15,19,21,9,-46,-110,-69,-73,-56,-23,-7,-26,-12,0,-10,-5,-8,23,-2,-2,-3,4,-86,2,16,27,-28,-82,-73,-58,-259,-214,-615,-625,-648,-618,-608,-623,-689,-682,-722,-609,-673,-648,-722,-748,-807,-735,-966,-858,-879,-821,-900,-953,-1071,-1003,-1385,-1141,-1394,-999,-879,-1116,-1058,-820,-1002,-1066,-1092,-1022,-1059,-1069,-1045,-1116,-1413,-1847,-28963,-1535,-29989,-29990,-29991,-29992,-29993,-29994]} 1. e4 c6 2. d4 d5 3. exd5 cxd5 4. Bd3 Nc6 5. c3 e6 6. Nf3 Bd6 7. O-O Nge7 8. Re1 O-O 9. Nbd2 f6 10. c4 Kh8 11. Qc2 Nb4 12. Qb3 Nxd3 13. Qxd3 Nc6 14. b3 Bd7 15. a3 a5 16. Nf1 dxc4 17. bxc4 Rc8 18. Bb2 a4 19. Ne3 Be8 20. c5 Bc7 21. Qc4 e5 22. d5 Na5 23. Qb4 Nb3 24. Rad1 Ba5 25. Qxb7 Nxc5 26. Qa7 Bb6 27. Qxb6 Qxb6 28. Nc4 Qa6 29. Ne3 Bh5 30. g4 Bf7 31. Ba1 Rfd8 32. g5 Bh5 33. gxf6 gxf6 34. Nxe5 fxe5 35. Bxe5+ Kg8 36. Rd4 Nd3 37. Nf5 Qg6+ 38. Bg3 Nxe1 39. Ne7+ Kf7 40. Nxg6 Nf3+ 41. Kg2 Nxd4 42. Ne5+ Kf6 43. Nd3 Bf3+ 44. Kh3 Rxd5 45. Nf4 Rf5 46. Bh4+ Ke5 47. Nd3+ Ke4 48. Ne1 Rh5 49. Nxf3 Nxf3 0-1

[Event "Ontario op"]
[Site "Brantford CAN"]
[Date "2025.05.18"]
[Round "3"]
[White "Deepak, Laksshana"]
[Black "Russell, Wesley"]
[Result "1/2-1/2"]
[WhiteElo "2089"]
[BlackElo "1969"]
[WhiteFideId "-1"]
[WhiteFideId "-1"]
[PlyCount "82"]
[GameId "2184743658708337"]
[EventDate "2025.05.17"]
[EventType "swiss"]
[EventRounds "6"]
[EventCountry "CAN"]

{[%evp 0,64,17,21,16,20,20,5,34,27,25,117,26,22,22,12,12,10,7,16,50,18,29,88,38,46,80,31,36,22,32,106,23,37,41,125,71,38,34,27,9,41,-10,-1,-1,1,-1,-1,-1,-21,-113,-25,-110,-32,-21,21,9,-36,-46,-37,-24,-19,-21,-33,-52,-32,-10]} 1. e4 c5 2. Nf3 Nc6 3. d4 cxd4 4. Nxd4 Nf6 5. Nc3 d6 6. Bc4 Qb6 7. Nde2 a6 8. h3 g6 9. O-O Bg7 10. a4 O-O 11. Nf4 Ne5 12. Bb3 e6 13. Be3 Qc7 14. Qe2 b6 15. Rad1 Rd8 16. Rd2 Qb8 17. Rfd1 Ne8 18. f3 Bd7 19. Nd3 Nxd3 20. Qxd3 b5 21. axb5 axb5 22. Bd4 Bh6 23. Be3 Bg7 24. Rb1 b4 25. Ne2 Bb5 26. Bc4 Bxc4 27. Qxc4 Nc7 28. Qb3 d5 29. Rbd1 Bf6 30. Bd4 Be7 31. Qe3 dxe4 32. Qxe4 Nb5 33. Be3 Rxd2 34. Bxd2 Nc7 35. Bf4 Qa7+ 36. Kh1 Nd5 37. Be5 Rc8 38. Nf4 Nxf4 39. Bxf4 Qc5 40. Rd2 Qc4 41. Qxc4 Rxc4 1/2-1/2

[Event "Ontario op"]
[Site "Brantford CAN"]
[Date "2025.05.18"]
[Round "3"]
[White "Deshpande, Sarthak"]
[Black "Murali, Dhruv"]
[Result "*"]
[Annotator "GMPat"]
[WhiteElo "2035"]
[BlackElo "2063"]
[WhiteFideId "-1"]
[WhiteFideId "-1"]
[PlyCount "73"]
[GameId "2184850767967728"]
[EventDate "2025.05.17"]
[EventType "swiss"]
[EventRounds "6"]
[EventCountry "CAN"]

{[%evp 0,8,19,32,21,-28,36,35,39,45,34]} 1. d4 Nf6 2. c4 g6 3. Nc3 Bg7 4. e4 d6 5. Be2 O-O 6. Be3 c5 7. dxc5 Qa5 8. cxd6 Nxe4 9. dxe7 Re8 10. Kf1 Nxc3 11. bxc3 Bxc3 12. Rc1 Nc6 13. h4 Rxe7 14. h5 Bf5 15. hxg6 hxg6 16. Qb3 Bf6 17. Nf3 Bg4 18. c5 Bxf3 19. Bxf3 Nd4 20. Bxd4 Bxd4 21. Rd1 Rae8 22. g3 Qxc5 23. Qa4 Bxf2 24. Qh4 Re1+ 25. Kg2 Rxh1 26. Rxh1 Bd4 27. Qh7+ Kf8 28. Rf1 Bg7 29. Bxb7 Re2+ 30. Kh1 Qg5 31. Qh3 Be5 32. Bd5 f5 33. Qh7 Qf6 34. Rc1 Bc7 35. Qg8+ Ke7 36. Rxc7+ Kd6 37. Rc6+ *

[Event "Ontario op"]
[Site "Brantford CAN"]
[Date "2025.05.18"]
[Round "3"]
[White "Dukic, Zachary"]
[Black "Zhao, Jifan"]
[Result "1-0"]
[WhiteElo "2360"]
[BlackElo "2074"]
[WhiteFideId "-1"]
[WhiteFideId "-1"]
[PlyCount "63"]
[GameId "2183225814003772"]
[EventDate "2025.05.17"]
[EventType "swiss"]
[EventRounds "6"]
[EventCountry "CAN"]

1. Nf3 Nf6 2. g3 e6 3. Bg2 Be7 4. O-O O-O 5. d3 d5 6. Nbd2 b6 7. e4 Bb7 8. e5 Ne8 9. Re1 c5 10. Nf1 Nc6 11. h4 Nc7 12. c3 b5 13. N1h2 a5 14. h5 a4 15. h6 g6 16. Ng4 Ne8 17. d4 cxd4 18. cxd4 Rc8 19. Bd2 Qb6 20. Be3 Nb4 21. Re2 Kh8 22. Bg5 Qd8 23. Bxe7 Qxe7 24. Bf1 Nc7 25. Re3 Rfd8 26. Rc3 Ne8 27. Bxb5 f5 28. exf6 Nxf6 29. Nxf6 Qxf6 30. Ne5 Rxc3 31. bxc3 Rf8 32. Ng4 1-0